| 000 | 00807nam a2200217Ia 4500 | ||
|---|---|---|---|
| 999 |
_c52520 _d52520 |
||
| 001 | 19544 | ||
| 003 | GE_BSU | ||
| 005 | 20200227153900.0 | ||
| 008 | 181216s1960||||ge |||||||||||||| ||geo|| | ||
| 040 | _cGE_BSU | ||
| 041 | _ageo | ||
| 080 | _a811.353.1 ი-44 | ||
| 245 |
_aილია ჭავჭავაძე ენის შესახებ / _cშემდგ. ეთ. გელაშვილი ; რედ. ვ. ჯიბუტი |
||
| 264 |
_aთბილისი : _bცოდნა, _c1960 |
||
| 300 |
_a67 გვ. ; _c22 სმ. |
||
| 541 | _h14თ. | ||
| 653 | _aქართული ენა | ||
| 700 |
_aგელაშვილი, ეთ. _eშემდგენელი _97567 |
||
| 700 |
_aჯიბუტი, ვ. _eრედაქტორი _97568 |
||
| 942 |
_cBK _2udc |
||